HANDBOOK OF :Transnational Environmental Crime (Record no. 4855)

000 -LEADER
fixed length control field nam a22 7a 4500
005 - DATE AND TIME OF LATEST TRANSACTION
control field 20200914102910.0
008 - FIXED-LENGTH DATA ELEMENTS--GENERAL INFORMATION
fixed length control field 200914b2016 uk ||||| |||| 00| 0 eng d
020 ## - INTERNATIONAL STANDARD BOOK NUMBER
International Standard Book Number 9781788118545
Terms of availability RM 283.00
040 ## - CATALOGING SOURCE
Original cataloging agency AKMAL
082 ## - DEWEY DECIMAL CLASSIFICATION NUMBER
Classification number 364.145 LOR
090 ## - LOCALLY ASSIGNED LC-TYPE CALL NUMBER (OCLC); LOCAL CALL NUMBER (RLIN)
Classification number (OCLC) (R) ; Classification number, CALL (RLIN) (NR) 364.145
Local cutter number (OCLC) ; Book number/undivided call number, CALL (RLIN) LOR
100 ## - MAIN ENTRY--PERSONAL NAME
Personal name Lorraine Elliot, William H. Schaedla
Dates associated with a name 2016
9 (RLIN) 9222
245 ## - TITLE STATEMENT
Title HANDBOOK OF :Transnational Environmental Crime
Remainder of title Transnational environmental crime
Statement of responsibility, etc. Lorraine Elliot, William H. Schaedla
260 ## - PUBLICATION, DISTRIBUTION, ETC.
Place of publication, distribution, etc. Cheltenham, UK
Name of publisher, distributor, etc. Edward Elgar Publishing
Date of publication, distribution, etc. [2016] United Kingdom
300 ## - PHYSICAL DESCRIPTION
Extent xxi, 525 pages
Dimensions 24cm
500 ## - GENERAL NOTE
General note Formerly CIP. |5 Uk
504 ## - BIBLIOGRAPHY, ETC. NOTE
Bibliography, etc. note Includes bibliographical references and index.
530 ## - ADDITIONAL PHYSICAL FORM AVAILABLE NOTE
Additional physical form available note Also issued online.
650 0# - SUBJECT ADDED ENTRY--TOPICAL TERM
Topical term or geographic name entry element Offenses against the environment.
9 (RLIN) 9223
650 0# - SUBJECT ADDED ENTRY--TOPICAL TERM
Topical term or geographic name entry element Wildlife crimes.
9 (RLIN) 9224
650 0# - SUBJECT ADDED ENTRY--TOPICAL TERM
Topical term or geographic name entry element Transnational crime.
9 (RLIN) 3935
700 1# - ADDED ENTRY--PERSONAL NAME
Personal name Elliott, Lorraine M.
Relator term editor.
9 (RLIN) 9225
700 1# - ADDED ENTRY--PERSONAL NAME
Personal name Schaedla, William H.,
Relator term editor.
9 (RLIN) 9226
942 ## - ADDED ENTRY ELEMENTS (KOHA)
Source of classification or shelving scheme
Koha item type Book
Holdings
Withdrawn status Lost status Source of classification or shelving scheme Damaged status Not for loan Collection code Home library Current library Shelving location Date acquired Cost, normal purchase price Inventory number Total Checkouts Full call number Barcode Date last seen Price effective from Koha item type
          NON-FICTION AKMAL Melaka AKMAL Melaka PINJAMAN 14.09.2020 283.00 011342   364.145 LOR 201707907 14.09.2020 14.09.2020 Book
Pusat Sumber Maklumat Dato' Haji Sarmin Md Hussin, Akademi Kastam Diraja Malaysia, Melaka
Tel: 06-2331106 | Faks: 06-2313787